[Event "4NCL/Div4a/CAMB2 vs. HKF3"]
[Site "Telford ENG"]
[Date "2005.05.29"]
[Round "10.1"]
[White "Pickard, Charles"]
[Black "Giles, Benjamin"]
[Result "1/2-1/2"]
[WhiteElo "2155"]
[BlackElo "2058"]
[PlyCount "54"]
[EventDate "2005.05.29"]
[SourceDate "2004.09.21"]

1. c4 Nf6 2. g3 g6 3. Bg2 Bg7 4. Nf3 O-O 5. O-O c5 6. d4 cxd4 7. Nxd4 Nc6 8.
Nc3 Nxd4 9. Qxd4 d6 10. h3 a6 11. Qd2 Rb8 12. b3 b5 13. cxb5 axb5 14. Bb2 b4
15. Nd5 Nxd5 16. Bxg7 Kxg7 17. Qxd5 Bb7 18. Qd4+ e5 19. Qb2 Bxg2 20. Kxg2 Qb6
21. Rad1 Rfd8 22. Rd5 Qc6 23. Rfd1 Rb5 24. Qd2 Ra8 25. e4 Rxd5 26. Qxd5 Qxd5
27. Rxd5 Rxa2 1/2-1/2

[Event "4NCL/Div4a/CAMB2 vs. HKF3"]
[Site "Telford ENG"]
[Date "2005.05.29"]
[Round "10.2"]
[White "James, Stephen B"]
[Black "Campbell, Mark"]
[Result "1/2-1/2"]
[WhiteElo "2046"]
[BlackElo "2030"]
[PlyCount "118"]
[EventDate "2005.05.29"]
[SourceDate "2004.09.21"]

1. e4 c5 2. Nf3 d6 3. d4 cxd4 4. Nxd4 Nf6 5. Nc3 a6 6. Be3 Ng4 7. Bg5 h6 8. Bh4
g5 9. Bg3 Bg7 10. h3 Ne5 11. f3 Nbc6 12. Bf2 Nxd4 13. Bxd4 Be6 14. Qd2 Qa5 15.
a3 Rc8 16. O-O-O Bf6 17. Kb1 Qc7 18. h4 g4 19. f4 Nd7 20. Bxf6 Nxf6 21. Bd3 b5
22. Rhe1 Nd7 23. f5 Bc4 24. Bxc4 Qxc4 25. Nd5 Qc5 26. Re3 Ne5 27. Rc3 Nc4 28.
Qe2 b4 29. axb4 Qb5 30. Qxg4 a5 31. b3 Na3+ 32. Kb2 Rxc3 33. Kxc3 axb4+ 34. Kb2
Qc5 35. Rd2 Nb5 36. Qh3 Kd7 37. Qe3 Qxe3 38. Nxe3 Nc3 39. Rd4 Rb8 40. Nd5 Nxd5
41. Rxd5 Kc6 42. Rd4 Kc5 43. Rc4+ Kb5 44. Rc7 Re8 45. g4 f6 46. c3 bxc3+ 47.
Kxc3 Kb6 48. Rc4 Rg8 49. g5 hxg5 50. hxg5 fxg5 51. Kd4 g4 52. Kd5 g3 53. Rc1 g2
54. Rg1 Rg7 55. e5 dxe5 56. Kxe5 Kb5 57. f6 exf6+ 58. Kxf6 Rg8 59. Kf5 Kb4
1/2-1/2

[Event "4NCL/Div4a/CAMB2 vs. HKF3"]
[Site "Telford ENG"]
[Date "2005.05.29"]
[Round "10.3"]
[White "Low, Ying Min"]
[Black "Spearman, David"]
[Result "1/2-1/2"]
[WhiteElo "2027"]
[BlackElo "2030"]
[PlyCount "51"]
[EventDate "2005.05.29"]
[SourceDate "2004.09.21"]

1. d4 Nf6 2. c4 d6 3. Nf3 Nbd7 4. Nc3 e5 5. e4 Be7 6. Be2 O-O 7. O-O c6 8. Qc2
Qc7 9. Rd1 a6 10. a4 a5 11. b3 Nb8 12. Bb2 Nfd7 13. Na2 Re8 14. Nc1 Bf6 15.
dxe5 dxe5 16. Nd3 Na6 17. Rd2 Nac5 18. Nxc5 Nxc5 19. Bc3 Bg4 20. h3 Bxf3 21.
Bxf3 Ne6 22. Rad1 Rad8 23. Rxd8 Rxd8 24. Rxd8+ Qxd8 25. Qd2 Qxd2 26. Bxd2
1/2-1/2

[Event "4NCL/Div4a/CAMB2 vs. HKF3"]
[Site "Telford ENG"]
[Date "2005.05.29"]
[Round "10.4"]
[White "Parmar, Amisha"]
[Black "Broomfield, Lucy"]
[Result "1/2-1/2"]
[WhiteElo "1946"]
[BlackElo "2004"]
[PlyCount "37"]
[EventDate "2005.05.29"]
[SourceDate "2004.09.21"]

1. e4 e6 2. d4 d5 3. Nc3 Nf6 4. Bg5 dxe4 5. Nxe4 Be7 6. Bxf6 Bxf6 7. Nf3 Nd7 8.
Qd2 O-O 9. O-O-O b6 10. Bd3 Bb7 11. h4 c5 12. Neg5 h6 13. Qf4 Bxf3 14. Nxf3
Bxd4 15. Nxd4 cxd4 16. Qxd4 Nc5 17. Qf4 Qe7 18. g4 Rad8 19. Be2 1/2-1/2

[Event "4NCL/Div4a/CAMB2 vs. HKF3"]
[Site "Telford ENG"]
[Date "2005.05.29"]
[Round "10.5"]
[White "Kreuzer, Christopher"]
[Black "Parmar, Jyoti"]
[Result "1-0"]
[WhiteElo "1955"]
[BlackElo "1565"]
[PlyCount "55"]
[EventDate "2005.05.29"]
[SourceDate "2004.09.21"]

1. e4 c5 2. Nf3 d6 3. d4 cxd4 4. Nxd4 Nf6 5. Nc3 g6 6. Be2 Bg7 7. Be3 O-O 8.
Qd2 Nc6 9. f4 Bd7 10. O-O Qc8 11. Bf3 a6 12. Nd5 Nxd5 13. exd5 Nxd4 14. Bxd4
Bxd4+ 15. Qxd4 Qxc2 16. Rfc1 Qf5 17. g4 Qf6 18. Qxf6 exf6 19. Rc7 Bc8 20. Re1
b5 21. Ree7 Rb8 22. Ra7 Rb6 23. Be2 Kg7 24. Kf2 Kg8 25. Ke3 h6 26. h4 Kg7 27.
Kf2 b4 28. Kg3 1-0

[Event "4NCL/Div4a/CAMB2 vs. HKF3"]
[Site "Telford ENG"]
[Date "2005.05.29"]
[Round "10.6"]
[White "Fowler, Keith"]
[Black "Spencer, Carl"]
[Result "0-1"]
[WhiteElo "1625"]
[BlackElo "1855"]
[PlyCount "60"]
[EventDate "2005.05.29"]
[SourceDate "2004.09.21"]

1. c4 Nf6 2. Nc3 g6 3. Nf3 Bg7 4. d4 d5 5. e3 O-O 6. Be2 c5 7. O-O cxd4 8. Nxd4
Nc6 9. cxd5 Nxd5 10. Nxd5 Qxd5 11. Nxc6 Qxc6 12. Rb1 Bf5 13. Bf3 Qc4 14. b3 Qc2
15. Qxc2 Bxc2 16. Bb2 Bxb1 17. Bxg7 Kxg7 18. Rxb1 Rab8 19. Rc1 Rbc8 20. Rc4
Rxc4 21. bxc4 b6 22. Bb7 Rd8 23. g4 Rd2 24. a4 Kf6 25. Kg2 Rc2 26. Ba6 Ke5 27.
Kg3 h6 28. f4+ Ke4 29. Bb7+ Kxe3 30. Bd5 e6 0-1

[Event "4NCL/Div4a/SLOS4 vs. AD3"]
[Site "Telford ENG"]
[Date "2005.05.29"]
[Round "10.1"]
[White "Armstrong, Malcolm"]
[Black "Rea, William"]
[Result "1-0"]
[WhiteElo "2129"]
[BlackElo "1920"]
[PlyCount "93"]
[EventDate "2005.05.29"]
[SourceDate "2004.09.21"]

1. d4 d5 2. Nf3 Nf6 3. e3 e6 4. Bd3 c5 5. b3 Nc6 6. O-O Qb6 7. Bb2 c4 8. Be2
cxb3 9. axb3 Be7 10. Nbd2 O-O 11. Ne5 Nxe5 12. dxe5 Nd7 13. c4 f6 14. cxd5 Nxe5
15. Nc4 Nxc4 16. Bxc4 Kh8 17. Bd4 Qd6 18. dxe6 b6 19. Qg4 a6 20. Rfd1 Qb8 21.
Bd3 g6 22. h4 Bb7 23. h5 Rg8 24. hxg6 Rg7 25. Qh4 Qd6 26. Be4 Bxe4 27. Qxe4 Qb8
28. gxh7 Rxh7 29. g3 Qa7 30. Kg2 Rg8 31. Rh1 Rgg7 32. Qf3 Rg6 33. Rac1 Qb8 34.
Rxh7+ Kxh7 35. Qh5+ Kg7 36. Rh1 Qa8+ 37. f3 Qg8 38. Bxb6 Kf8 39. g4 Rg5 40.
Qh6+ Ke8 41. Qh8 f5 42. Qe5 Rxg4+ 43. Kf1 Bh4 44. Qb8+ Ke7 45. Bc5+ Kxe6 46.
Qd6+ Kf7 47. fxg4 1-0

[Event "4NCL/Div4a/SLOS4 vs. AD3"]
[Site "Telford ENG"]
[Date "2005.05.29"]
[Round "10.2"]
[White "Jones, Simon A"]
[Black "Ufodike, Bel"]
[Result "0-1"]
[WhiteElo "1725"]
[BlackElo "2095"]
[PlyCount "70"]
[EventDate "2005.05.29"]
[SourceDate "2004.09.21"]

1. e4 c5 2. d4 cxd4 3. Qxd4 Nc6 4. Qd1 Nf6 5. Nc3 g6 6. Nf3 Bg7 7. Bc4 O-O 8.
O-O d6 9. h3 a6 10. a4 Bd7 11. Bf4 Rc8 12. Ba2 b5 13. axb5 axb5 14. Nxb5 Nxe4
15. c3 Rb8 16. Bc4 Na5 17. Be2 Bxb5 18. Bxb5 Rxb5 19. Qa4 Rxb2 20. Qxe4 Bxc3
21. Bh6 Re8 22. Nd4 Rb4 23. Rad1 Nb3 24. Be3 Nxd4 25. Bxd4 e5 26. Qd5 Rxd4 27.
Rxd4 Bxd4 28. Rb1 Qf6 29. Qa2 Rc8 30. Rd1 Rc7 31. Qa8+ Kg7 32. Rd2 Rc1+ 33. Kh2
Qf4+ 34. g3 Qxd2 35. Qf3 Rf1 0-1

[Event "4NCL/Div4a/SLOS4 vs. AD3"]
[Site "Telford ENG"]
[Date "2005.05.29"]
[Round "10.3"]
[White "de Coverly, Roger"]
[Black "Allen, Syd"]
[Result "1-0"]
[WhiteElo "2093"]
[BlackElo "1780"]
[PlyCount "111"]
[EventDate "2005.05.29"]
[SourceDate "2004.09.21"]

1. Nf3 c5 2. g3 d6 3. Bg2 a6 4. O-O Bd7 5. d4 cxd4 6. Nxd4 Nc6 7. Nc3 e6 8. e4
Nxd4 9. Qxd4 Bc6 10. Bd2 Nf6 11. Rae1 Be7 12. h3 O-O 13. Kh2 h6 14. f4 Nh7 15.
Be3 Bf6 16. Qd2 Qc7 17. f5 exf5 18. Rxf5 Bg5 19. Nd5 Bxd5 20. Rxd5 Bxe3 21.
Rxe3 Rad8 22. Red3 Rc8 23. c3 Ng5 24. Rxd6 Qe7 25. Rd7 Qe6 26. Rxb7 Nxe4 27.
Bxe4 Qxe4 28. Rdd7 Qe6 29. Qd5 Qe2+ 30. Qg2 Qe6 31. a3 Rb8 32. Rxb8 Rxb8 33.
Qd2 Re8 34. Rd8 Kf8 35. Rxe8+ Kxe8 36. Qd3 f6 37. Kg2 Kf7 38. c4 Qc6+ 39. Qd5+
Qxd5+ 40. cxd5 Ke7 41. Kf3 f5 42. Ke3 Kd6 43. Kd4 g5 44. b4 f4 45. gxf4 gxf4
46. Ke4 f3 47. Kxf3 Kxd5 48. a4 Kc4 49. b5 axb5 50. axb5 Kxb5 51. Kg4 Kc6 52.
Kh5 Kd6 53. Kxh6 Ke6 54. Kg6 Ke7 55. Kg7 Ke6 56. h4 1-0

[Event "4NCL/Div4a/SLOS4 vs. AD3"]
[Site "Telford ENG"]
[Date "2005.05.29"]
[Round "10.4"]
[White "Cooksey, Shane"]
[Black "Jeffries, Majid"]
[Result "0-1"]
[WhiteElo "1720"]
[BlackElo "2019"]
[PlyCount "108"]
[EventDate "2005.05.29"]
[SourceDate "2004.09.21"]

1. d4 Nf6 2. c4 e6 3. g3 d5 4. c5 Be7 5. Bg2 b6 6. b4 a5 7. bxa5 bxc5 8. Nf3
cxd4 9. Nxd4 c5 10. Nc2 Qxa5+ 11. Bd2 Qa6 12. O-O Bd7 13. Re1 Bc6 14. e3 O-O
15. Nc3 Rd8 16. Bf1 Qc8 17. a4 d4 18. exd4 cxd4 19. Nb5 Bc5 20. Bf4 Qd7 21. Qd3
Qd5 22. f3 Qxf3 23. Qxf3 Bxf3 24. Kf2 Be4 25. Ncxd4 Nc6 26. Be3 Nxd4 27. Bxd4
Rxd4 28. Nxd4 Bxd4+ 29. Ke2 Bxa1 30. Rxa1 Bc6 31. a5 Bb5+ 32. Ke1 Bxf1 33. Kxf1
Kf8 34. Ke2 Ke7 35. Kd3 Kd6 36. Kc4 Kc6 37. Kb4 Nd5+ 38. Ka4 e5 39. Rc1+ Kd6
40. Kb5 Nc7+ 41. Kb6 Rb8+ 42. Ka7 Rb2 43. Rf1 f6 44. g4 Rb5 45. a6 Ra5 46. Kb6
Rxa6+ 47. Kb7 Ra4 48. g5 Rb4+ 49. Ka7 Nd5 50. gxf6 gxf6 51. Rg1 Ne7 52. Rg7
Nc6+ 53. Ka6 Kc5 54. Rb7 Ra4# 0-1

[Event "4NCL/Div4a/SLOS4 vs. AD3"]
[Site "Telford ENG"]
[Date "2005.05.29"]
[Round "10.5"]
[White "McCarthy, Kevin"]
[Black "Moore, Kevin J"]
[Result "1-0"]
[WhiteElo "2065"]
[BlackElo "1655"]
[PlyCount "61"]
[EventDate "2005.05.29"]
[SourceDate "2004.09.21"]

1. d4 Nf6 2. f3 e6 3. e4 d6 4. c4 Nbd7 5. Bd3 c5 6. d5 e5 7. Nc3 Be7 8. Be3 O-O
9. Nge2 b6 10. Qd2 Bb7 11. g4 Nxg4 12. fxg4 Bh4+ 13. Ng3 Nf6 14. Bg5 Bxg5 15.
Qxg5 h6 16. Qh4 Bc8 17. Nf5 Bxf5 18. gxf5 Kh7 19. Rg1 Rg8 20. O-O-O Qe7 21. Qh3
g6 22. Rdf1 g5 23. Be2 Rg7 24. Bg4 Rh8 25. Ne2 Nxe4 26. f6 Nxf6 27. Ng3 Qd8 28.
Bh5 Kg8 29. Qf5 Nxh5 30. Nxh5 Qe7 31. Nf6+ 1-0

[Event "4NCL/Div4a/SLOS4 vs. AD3"]
[Site "Telford ENG"]
[Date "2005.05.29"]
[Round "10.6"]
[White "Hennion, Josh"]
[Black "Purton, Ben J"]
[Result "0-1"]
[WhiteElo "1600"]
[BlackElo "2085"]
[PlyCount "54"]
[EventDate "2005.05.29"]
[SourceDate "2004.09.21"]

1. d4 a6 2. c4 d6 3. Nf3 Nd7 4. Nc3 g6 5. e3 Bg7 6. Be2 Nh6 7. O-O O-O 8. a3 c5
9. b3 Rb8 10. Bb2 b6 11. Rb1 e5 12. dxe5 dxe5 13. Qd6 Nf5 14. Qd2 Re8 15. Rfd1
e4 16. Ne1 Qg5 17. Nd5 Ne5 18. Qc2 Nh4 19. g3 Bf5 20. Ng2 Nhf3+ 21. Kh1 Ng4 22.
Bf1 Ngxh2 23. Nh4 Nxh4 24. gxh4 Qxh4 25. Kg2 Nf3 26. Be2 Bh3+ 27. Kh1 Bf1# 0-1

[Event "4NCL/Div4a/NOTT vs. CHED"]
[Site "Telford ENG"]
[Date "2005.05.29"]
[Round "10.1"]
[White "Barnes, Michael H"]
[Black "Buxton, David E"]
[Result "1/2-1/2"]
[WhiteElo "2254"]
[BlackElo "2130"]
[PlyCount "48"]
[EventDate "2005.05.29"]
[SourceDate "2004.09.21"]

1. d4 d5 2. Nf3 Nf6 3. c4 e6 4. Bg5 c6 5. e3 Nbd7 6. Nbd2 Be7 7. Qc2 O-O 8. Be2
dxc4 9. Nxc4 Nd5 10. Bxe7 Qxe7 11. O-O c5 12. Rfd1 b6 13. Qd2 Bb7 14. e4 N5f6
15. e5 Ne4 16. Qe3 f5 17. exf6 Rxf6 18. dxc5 Ndxc5 19. Nce5 Nd6 20. Ng4 Rff8
21. Qg5 Qxg5 22. Nxg5 Nde4 23. Nxe4 Nxe4 24. Rd7 Bd5 1/2-1/2

[Event "4NCL/Div4a/NOTT vs. CHED"]
[Site "Telford ENG"]
[Date "2005.05.29"]
[Round "10.2"]
[White "Lee, Chon-Yiu"]
[Black "Mercs, Peter J"]
[Result "0-1"]
[WhiteElo "2120"]
[BlackElo "2081"]
[PlyCount "54"]
[EventDate "2005.05.29"]
[SourceDate "2004.09.21"]

1. e4 c5 2. Nf3 d6 3. d4 cxd4 4. Nxd4 Nf6 5. Nc3 e6 6. Be2 Be7 7. Be3 Nc6 8.
Qd2 a6 9. f4 O-O 10. g4 Re8 11. h4 Nxd4 12. Bxd4 b5 13. g5 Nd7 14. Bd3 Bb7 15.
Ne2 e5 16. Bc3 Nc5 17. Ng3 d5 18. exd5 exf4 19. Nh5 Bf8+ 20. Kd1 Qxd5 21. Rf1
Nxd3 22. cxd3 f3 23. Nf4 Qf5 24. Kc2 Rac8 25. a3 a5 26. Kb1 Qg4 27. Ka2 Bd6 0-1

[Event "4NCL/Div4a/NOTT vs. CHED"]
[Site "Telford ENG"]
[Date "2005.05.29"]
[Round "10.3"]
[White "Webster, Richard J"]
[Black "Risley, David R"]
[Result "0-1"]
[WhiteElo "1968"]
[BlackElo "1995"]
[PlyCount "120"]
[EventDate "2005.05.29"]
[SourceDate "2004.09.21"]

1. c4 Nf6 2. Nc3 e6 3. e4 d5 4. exd5 exd5 5. d4 Be7 6. Bg5 c6 7. Nf3 O-O 8. c5
Bg4 9. Be2 Re8 10. O-O h6 11. Be3 Nbd7 12. b4 Ne4 13. Qb3 Nxc3 14. Qxc3 Nf6 15.
Bd1 Ne4 16. Qb2 Bxf3 17. Bxf3 Bf6 18. Rac1 Qd7 19. a4 a6 20. Rfd1 Bg5 21. Bxg5
Nxg5 22. Be2 Re7 23. Bf1 Rae8 24. b5 axb5 25. axb5 Qg4 26. Kh1 Ne6 27. Qc3 Nf4
28. Qg3 Qf5 29. Qf3 Qe4 30. bxc6 Qxf3 31. gxf3 bxc6 32. Rb1 Ra8 33. Rb3 Ra2 34.
Re3 Rb7 35. Kg1 Rbb2 36. Re8+ Kh7 37. Rc8 Rxf2 38. Rxc6 Rxh2 39. Ra6 Rac2 40.
c6 Nh3+ 41. Bxh3 Rxh3 42. Rd3 Rg3+ 43. Kf1 Rg6 44. Ra5 Rgxc6 45. Rxd5 Rb6 46.
Re5 Kg6 47. Re2 Rxe2 48. Kxe2 Kf5 49. Ke3 Re6+ 50. Kf2 g5 51. Ra3 Kf4 52. Ra7
f5 53. Ra3 Rd6 54. Ra4 Rd5 55. Rb4 h5 56. Ra4 h4 57. Rb4 h3 58. Ra4 h2 59. Kg2
h1=Q+ 60. Kxh1 Kxf3 0-1

[Event "4NCL/Div4a/NOTT vs. CHED"]
[Site "Telford ENG"]
[Date "2005.05.29"]
[Round "10.4"]
[White "Laurence, Geoff"]
[Black "Truman, Richard G"]
[Result "1/2-1/2"]
[WhiteElo "1975"]
[BlackElo "2019"]
[PlyCount "77"]
[EventDate "2005.05.29"]
[SourceDate "2004.09.21"]

1. d4 Nf6 2. Nf3 g6 3. Nc3 d5 4. Bf4 Bg7 5. e3 O-O 6. Be2 c5 7. Ne5 cxd4 8.
exd4 Nc6 9. O-O Bf5 10. Nxc6 bxc6 11. Re1 Qa5 12. Bd3 Bxd3 13. Qxd3 Rfe8 14. a3
Nh5 15. Bg5 f6 16. Bd2 Qc7 17. Re6 Bf8 18. Rae1 Ng7 19. R6e2 e5 20. dxe5 fxe5
21. Qh3 Bd6 22. f3 Nf5 23. Bg5 Qb6+ 24. Kh1 Qxb2 25. Nd1 Qb7 26. Nf2 h5 27. g4
Nd4 28. Rd2 Qf7 29. f4 Ne6 30. gxh5 Nxf4 31. Bxf4 Qxf4 32. hxg6 Re7 33. Rde2
Rf8 34. Ng4 Qf3+ 35. Qxf3 Rxf3 36. Nxe5 Bxe5 37. Rxe5 Rxe5 38. Rxe5 Rxa3 39.
Re7 1/2-1/2

[Event "4NCL/Div4a/NOTT vs. CHED"]
[Site "Telford ENG"]
[Date "2005.05.29"]
[Round "10.5"]
[White "Lakhani, Kishan"]
[Black "Sullivan, Daniel J S"]
[Result "1-0"]
[WhiteElo "1982"]
[BlackElo "1970"]
[PlyCount "87"]
[EventDate "2005.05.29"]
[SourceDate "2004.09.21"]

1. e4 c5 2. Nf3 d6 3. c3 Nf6 4. Be2 Bd7 5. d3 g6 6. O-O Bg7 7. h3 O-O 8. Be3
Nc6 9. Nfd2 Rc8 10. f4 e6 11. g4 Qe7 12. Bf3 b5 13. Rf2 a5 14. Nf1 Ne8 15. Nbd2
b4 16. Rc1 Nc7 17. Nc4 Nb5 18. a4 bxa3 19. Nxa3 Nxa3 20. bxa3 Rb8 21. Bg2 Rb7
22. f5 exf5 23. gxf5 Rfb8 24. d4 Rb3 25. dxc5 dxc5 26. Qd5 Rxc3 27. Rxc3 Bxc3
28. Bxc5 Qe5 29. fxg6 hxg6 30. Qxf7+ Kh8 31. Be3 Qe6 32. Qf4 Be5 33. Qg5 Nd4
34. Rd2 Nc6 35. h4 Rb2 36. Rxb2 Bxb2 37. h5 gxh5 38. Qxh5+ Kg7 39. Ng3 Qg4 40.
Qh6+ Kg8 41. Bf4 Bxa3 42. e5 Bc5+ 43. Kh2 Bf8 44. Bd5+ 1-0

[Event "4NCL/Div4a/NOTT vs. CHED"]
[Site "Telford ENG"]
[Date "2005.05.29"]
[Round "10.6"]
[White "Whitfield, Craig M"]
[Black "Wright, Antony J"]
[Result "1/2-1/2"]
[WhiteElo "1795"]
[BlackElo "1990"]
[PlyCount "82"]
[EventDate "2005.05.29"]
[SourceDate "2004.09.21"]

1. e4 e6 2. d4 d5 3. Nc3 Nf6 4. Bg5 dxe4 5. Nxe4 Be7 6. Bxf6 Bxf6 7. Nf3 Nd7 8.
Nxf6+ Nxf6 9. c4 O-O 10. Bd3 c5 11. dxc5 Qa5+ 12. Qd2 Qxc5 13. O-O b6 14. b4
Qc7 15. Rfd1 Bb7 16. Qe2 Qf4 17. h3 Bxf3 18. Qxf3 Qxf3 19. gxf3 Rac8 20. Rd2
Rfd8 21. Rad1 Kf8 22. Kh2 Ke7 23. Be2 e5 24. Bf1 h6 25. a4 Rxd2 26. Rxd2 Nh5
27. a5 bxa5 28. bxa5 Nf4 29. Rb2 Rc7 30. Rb5 f6 31. Kg3 Ne6 32. h4 Nd4 33. Rb4
Ne6 34. Bd3 Nc5 35. Be2 Kd6 36. f4 e4 37. Kg4 Ke6 38. f3 f5+ 39. Kg3 Kf6 40.
fxe4 fxe4 41. Rb8 Ke7 1/2-1/2

[Event "4NCL/Div4a/HKFC vs. SXM"]
[Site "Telford ENG"]
[Date "2005.05.29"]
[Round "10.1"]
[White "Fowler, Simon"]
[Black "Fryer, David"]
[Result "1-0"]
[WhiteElo "2154"]
[BlackElo "2088"]
[PlyCount "95"]
[EventDate "2005.05.29"]
[SourceDate "2004.09.21"]

1. d4 Nf6 2. Bg5 c5 3. Bxf6 gxf6 4. d5 Qb6 5. Qc1 Bh6 6. e3 f5 7. c4 f4 8. exf4
Bxf4 9. Qxf4 Qxb2 10. Ne2 Qxa1 11. Nec3 d6 12. Qd2 a6 13. Be2 b5 14. cxb5 axb5
15. Bxb5+ Bd7 16. Be2 Ra4 17. O-O Rb4 18. Re1 Kd8 19. Bh5 Kc7 20. Qg5 Rxb1 21.
Nxb1 Na6 22. Qd2 Rb8 23. Qa5+ Kb7 24. Na3 Qh8 25. Rxe7 Qa1+ 26. Re1 Qh8 27. Nb5
Qd8 28. Nxd6+ Ka7 29. Qxd8 Rxd8 30. Re7 Nb8 31. Bg4 Kb6 32. Nxf7 Re8 33. Rxe8
Bxe8 34. Ne5 Kb5 35. Be2+ Kb4 36. f4 Nd7 37. Nxd7 Bxd7 38. Kf2 c4 39. Ke3 c3
40. Bd3 Ka3 41. Kd4 Kb2 42. f5 Ba4 43. f6 Bc2 44. Bxc2 Kxc2 45. f7 Kb2 46. f8=Q
c2 47. Qb4+ Ka1 48. Qc3+ 1-0

[Event "4NCL/Div4a/HKFC vs. SXM"]
[Site "Telford ENG"]
[Date "2005.05.29"]
[Round "10.2"]
[White "Prescott, Adam"]
[Black "Tavoularis, Nicholas"]
[Result "0-1"]
[WhiteElo "1935"]
[BlackElo "2202"]
[PlyCount "102"]
[EventDate "2005.05.29"]
[SourceDate "2004.09.21"]

1. e4 c5 2. Nc3 e6 3. g3 d5 4. exd5 exd5 5. Bg2 Nf6 6. d4 cxd4 7. Qxd4 Nc6 8.
Qa4 d4 9. Nce2 d3 10. cxd3 Bb4+ 11. Nc3 O-O 12. Bxc6 Bxc3+ 13. bxc3 Qxd3 14.
Qd4 Qxd4 15. cxd4 bxc6 16. Be3 Re8 17. Ne2 Ng4 18. Kd2 Ba6 19. Nc3 Rad8 20. h3
Ne5 21. Kc2 Bd3+ 22. Kd2 Bg6 23. Ke2 Nc4 24. Kf3 Na3 25. Rac1 Nb5 26. Rhd1 Nxc3
27. Rxc3 Be4+ 28. Ke2 h6 29. h4 Rd7 30. Rd2 Rb7 31. Rc5 Bd5 32. Ra5 g6 33. Kd3
Kg7 34. Rd1 f6 35. Bf4 g5 36. hxg5 hxg5 37. Bd6 Bf3 38. Rd2 Re1 39. Ba3 g4 40.
Rb2 Rxb2 41. Rxa7+ Kg6 42. Bxb2 Re2 43. Bc3 Rxf2 44. a4 Bd5 45. Be1 Rf3+ 46.
Kd2 Kf5 47. Re7 Ra3 48. Ra7 Ke4 49. a5 Kxd4 50. a6 Ra2+ 51. Kc1 c5 0-1

[Event "4NCL/Div4a/HKFC vs. SXM"]
[Site "Telford ENG"]
[Date "2005.05.29"]
[Round "10.3"]
[White "Bullock, Andrew"]
[Black "Bucher, Grant"]
[Result "1/2-1/2"]
[WhiteElo "1985"]
[BlackElo "1935"]
[PlyCount "93"]
[EventDate "2005.05.29"]
[SourceDate "2004.09.21"]

1. c4 f5 2. g3 Nf6 3. Nf3 g6 4. Bg2 d6 5. Nc3 Bg7 6. d3 O-O 7. b4 Ne4 8. dxe4
Bxc3+ 9. Bd2 Bxa1 10. Qxa1 e5 11. exf5 Rxf5 12. Nh4 c6 13. Nxf5 Bxf5 14. O-O
Nd7 15. Qb2 a6 16. h4 Qe7 17. Rd1 Nf6 18. Bg5 Kg7 19. f3 Rd8 20. Be3 h5 21. Bb6
Rd7 22. e4 Be6 23. Qc3 Bf7 24. a4 Qe6 25. Kh2 Qe7 26. b5 axb5 27. axb5 Qe8 28.
Qb2 Bxc4 29. bxc6 bxc6 30. Qb4 d5 31. Bc5 Qf7 32. exd5 cxd5 33. Qe1 Qe8 34. Bh3
Rb7 35. Rd2 Qc6 36. Bf2 Qc7 37. Rc2 Qb8 38. Qd2 Rb3 39. Kg2 Qb7 40. Qg5 Rxf3
41. Qxe5 d4 42. Kh2 d3 43. Rd2 Qf7 44. Bd4 Kh7 45. Kg1 Kg7 46. Qg5 Kh7 47. Qe5
1/2-1/2

[Event "4NCL/Div4a/HKFC vs. SXM"]
[Site "Telford ENG"]
[Date "2005.05.29"]
[Round "10.4"]
[White "Tucker, Andrew"]
[Black "Forman, Karl L"]
[Result "0-1"]
[WhiteElo "1944"]
[BlackElo "2025"]
[PlyCount "96"]
[EventDate "2005.05.29"]
[SourceDate "2004.09.21"]

1. d4 Nf6 2. Bg5 Ne4 3. Bf4 d5 4. f3 Nf6 5. c4 e6 6. Nc3 Bd6 7. Bxd6 Qxd6 8. e4
dxe4 9. fxe4 Qf4 10. Qf3 Qxf3 11. Nxf3 O-O 12. Bd3 Nc6 13. O-O-O Ng4 14. Rd2
Bd7 15. h3 Nf6 16. g4 Rac8 17. e5 Ne8 18. Ne4 Ne7 19. Rf1 b6 20. Nfg5 f5 21.
exf6 Nxf6 22. Nxf6+ Rxf6 23. Rxf6 gxf6 24. Nxh7 Kg7 25. g5 f5 26. Nf6 Bc6 27.
h4 Rd8 28. Be2 Ng6 29. h5 Nf4 30. Bd1 Nh3 31. d5 Nxg5 32. dxc6 Rxd2 33. Ne8+
Kf8 34. Kxd2 Kxe8 35. Ke3 Ke7 36. b4 e5 37. Bc2 f4+ 38. Ke2 e4 39. a4 Kd6 40.
b5 Kc5 41. h6 Kd4 42. c5 f3+ 43. Kf1 Ke3 44. cxb6 f2 45. h7 Nf3 46. Kg2 Nd2 47.
Kg3 f1=Q 48. bxc7 Qg1+ 0-1

[Event "4NCL/Div4a/HKFC vs. SXM"]
[Site "Telford ENG"]
[Date "2005.05.29"]
[Round "10.5"]
[White "Greatorex, Roger"]
[Black "Richardson, Joe"]
[Result "0-1"]
[WhiteElo "1955"]
[BlackElo "2001"]
[PlyCount "76"]
[EventDate "2005.05.29"]
[SourceDate "2004.09.21"]

1. e4 e5 2. f4 d6 3. d4 Nf6 4. Nc3 Bg4 5. Nf3 Bxf3 6. gxf3 Nh5 7. Be3 Qh4+ 8.
Bf2 Qd8 9. dxe5 Nxf4 10. exd6 Bxd6 11. Qd4 Ne6 12. Qa4+ Nd7 13. O-O-O a6 14. h4
b5 15. Qb3 b4 16. Ne2 a5 17. Rxd6 cxd6 18. Bh3 Qf6 19. f4 Nxf4 20. Bxd7+ Kxd7
21. Nxf4 Qxf4+ 22. Be3 Qxe4 23. Qxf7+ Kc6 24. Re1 Rhg8 25. Bd2 Qd5 26. Qf1 Qxa2
27. Kd1 Qd5 28. Re3 Rgf8 29. Qh3 Rf2 30. Rd3 Qh5+ 31. Kc1 Qe2 32. b3 Qf1+ 33.
Qxf1 Rxf1+ 34. Kb2 Re8 35. c4 Re2 36. Kc2 Rff2 37. Kd1 Rh2 38. Rd5 Reg2 0-1

[Event "4NCL/Div4a/HKFC vs. SXM"]
[Site "Telford ENG"]
[Date "2005.05.29"]
[Round "10.6"]
[White "Bayliss, Lyall C P"]
[Black "David, Murray J"]
[Result "0-1"]
[WhiteElo "1840"]
[BlackElo "1910"]
[PlyCount "66"]
[EventDate "2005.05.29"]
[SourceDate "2004.09.21"]

1. e4 e6 2. d4 d5 3. e5 c5 4. c3 Nc6 5. Nf3 Nh6 6. Bxh6 gxh6 7. Be2 Bg7 8. O-O
O-O 9. Qc2 cxd4 10. cxd4 f6 11. exf6 Qxf6 12. Rd1 Bd7 13. Nc3 Be8 14. Bd3 Bh5
15. Bxh7+ Kh8 16. Ne5 Bxd1 17. Ng6+ Kxh7 18. Nxf8+ Kg8 19. Qh7+ Kxf8 20. Rxd1
Nxd4 21. Rd3 Qf5 22. Qxf5+ Nxf5 23. g4 Nd6 24. Ne2 Rc8 25. Nf4 Re8 26. Rf3 Kg8
27. Re3 d4 28. Rxe6 Rxe6 29. Nxe6 d3 30. Kf1 Bxb2 31. Nc5 d2 32. Ke2 Nc4 33.
Nxb7 Bc1 0-1

[Event "4NCL/Div4a/GLOSG vs. GUI4"]
[Site "Telford ENG"]
[Date "2005.05.29"]
[Round "10.1"]
[White "Hosken, Nigel"]
[Black "Abayasekera, Roger"]
[Result "1/2-1/2"]
[WhiteElo "2205"]
[BlackElo "2210"]
[PlyCount "44"]
[EventDate "2005.05.29"]
[SourceDate "2004.09.21"]

1. d4 Nf6 2. c4 e6 3. Nc3 Bb4 4. Bg5 h6 5. Bh4 c5 6. d5 d6 7. e3 Bxc3+ 8. bxc3
e5 9. Bd3 Nbd7 10. f4 Qe7 11. Ne2 g5 12. fxg5 Ng4 13. Ng3 Nxe3 14. Qe2 hxg5 15.
Qxe3 gxh4 16. Nf5 Qf6 17. O-O Kd8 18. Qe4 Nf8 19. Ne3 Qe7 20. Nf5 Bxf5 21. Qxf5
Ng6 22. Rae1 Rh7 1/2-1/2

[Event "4NCL/Div4a/GLOSG vs. GUI4"]
[Site "Telford ENG"]
[Date "2005.05.29"]
[Round "10.2"]
[White "Cullen, Anthony P"]
[Black "White, Michael J R"]
[Result "1-0"]
[WhiteElo "2125"]
[BlackElo "2178"]
[PlyCount "87"]
[EventDate "2005.05.29"]
[SourceDate "2004.09.21"]

1. d4 Nf6 2. Nf3 g6 3. c4 Bg7 4. g3 O-O 5. Bg2 d6 6. O-O Nbd7 7. Nc3 e5 8. e4
exd4 9. Nxd4 Re8 10. h3 a6 11. Re1 Rb8 12. Be3 Ne5 13. b3 c5 14. Nf3 Nxf3+ 15.
Qxf3 Nd7 16. Rac1 Ne5 17. Qd1 Nc6 18. Nd5 Nd4 19. Kh2 h5 20. Qd2 Kh7 21. Bg5 f6
22. Be3 Ne6 23. f4 f5 24. exf5 gxf5 25. Qd1 Kg6 26. Qd3 Rf8 27. Bf3 Rf7 28. Rg1
Nd4 29. Bd1 b5 30. g4 hxg4 31. Rxg4+ Kh7 32. Rg5 bxc4 33. bxc4 Rb2+ 34. Kh1 Qa5
35. Bh5 Qxa2 36. Bg1 Rb3 37. Bg6+ Kh6 38. Bxf7 Be5 39. Rg6+ Kh7 40. fxe5 Bb7
41. Rc3 Bxd5+ 42. cxd5 Rxc3 43. Qxc3 Qb1 44. Qe3 1-0

[Event "4NCL/Div4a/GLOSG vs. GUI4"]
[Site "Telford ENG"]
[Date "2005.05.29"]
[Round "10.3"]
[White "Bolt, Graham"]
[Black "Punnett, Alan K"]
[Result "0-1"]
[WhiteElo "2114"]
[BlackElo "2120"]
[PlyCount "46"]
[EventDate "2005.05.29"]
[SourceDate "2004.09.21"]

1. e4 e6 2. d4 d5 3. Nc3 Bb4 4. e5 c5 5. a3 Bxc3+ 6. bxc3 Qc7 7. Nf3 b6 8. Bd3
Ba6 9. O-O Bxd3 10. Qxd3 Ne7 11. Nh4 Nd7 12. f4 cxd4 13. cxd4 Rc8 14. Rf2 Qc4
15. Qe3 g6 16. Bb2 Qa4 17. Rc1 b5 18. Qb3 Nb6 19. Rf3 Kd7 20. Bc3 Rc4 21. Rb1
a6 22. Qb2 Rhc8 23. Rd3 Rxc3 0-1